000 00312nam a2200133Ia 4500
008 100328s9999 xx 000 0 und d
082 _b4165
100 _aदेसाई स.रा.
245 _aइभ्रत
260 _b---
630 _aइभ्रत
730 _aइभ्रत
942 _cBOOK
999 _c500257
_d500254